[Event "Hastings8081"]
[Site "Hastings"]
[Date "1980.??.??"]
[Round "9"]
[White "Liberzon, Vladimir M"]
[Black "Peters, John A"]
[Result "1/2-1/2"]
[WhiteElo "2545"]
[BlackElo "2465"]

1.c4 c5 2.Nf3 Nf6 3.Nc3 d5 4.cxd5 Nxd5 5.e3 Nxc3 6.bxc3 g6 7.d4 Bg7 8.Be2 O-O
9.O-O Qc7 10.Ba3 Nd7 11.e4 Rd8 12.Qb3 e6 13.Rad1 Nf6 14.e5 Nd5 15.dxc5 Bd7
16.Rd4 Ne7 17.Rb1 Nc6 18.Rd6 Rab8 19.Bc1 Nxe5 20.Bf4 Qxc5 21.Rbd1 Nxf3+ 22.Bxf3 Be5
23.Bxe5 Qxe5 24.Qb1 Rbc8 25.Rxd7 Rxd7 26.Rxd7 Rxc3 27.Bxb7 Rc2 28.Bf3 Qc5
29.Rd8+ Kg7 30.Qa1+ Kh6 31.Qe1 Rxa2 32.Qe3+ Qxe3 33.fxe3 Kg7 34.Rd7 h5 35.h4 Ra4
36.Rd4 Ra2 37.Bc6 Rc2 38.Ba4 Rc7 39.Rd7 Rxd7 40.Bxd7 Kf6 41.Kf2 a5 42.Be8 Ke7
43.Ba4 f5 44.e4 Kf6 45.Kf3 fxe4+ 46.Kxe4 g5 47.hxg5+ Kxg5 48.Bd7 Kf6 49.Be8 Kg5
50.Bf7 a4 51.Bxe6 a3 52.Kf3 Kf6 53.Bb3 Kg5 54.Kg3 h4+ 55.Kf3 Kf5 56.Bc2+ Kg5
57.Bb1 Kh5 58.Ba2 Kg5 59.Bd5 Kf5 60.Ba2 Kg5 61.Bb1 Kh5 62.Kf4 h3  1/2-1/2

[Event "Hastings8081"]
[Site "Hastings"]
[Date "1980.??.??"]
[Round "9"]
[White "Andersson, Ulf"]
[Black "Brito, Luizmar J"]
[Result "1-0"]
[WhiteElo "2590"]
[BlackElo "2255"]

1.Nf3 g6 2.c4 Bg7 3.Nc3 e5 4.d4 exd4 5.Nxd4 Nc6 6.Nxc6 bxc6 7.g3 Qe7 8.Bd2 Qc5
9.b3 d6 10.Bg2 Ne7 11.Ne4 Qa3 12.Bc3 Bxc3+ 13.Nxc3 O-O 14.Qc2 Bd7 15.O-O Rae8
16.Ne4 f6 17.Rac1 Kg7 18.c5 d5 19.Rfd1 Bc8 20.Nc3 Qb4 21.h3 Ng8 22.Qb2 Re5
23.e3 Rfe8 24.Rd4 Qb8 25.Qa3 a6 26.e4 dxe4 27.Rxe4 Rxe4 28.Nxe4 Ne7 29.Rd1 Nd5
30.Qb2 Re6 31.Rd4 Bb7 32.Kh2 Qe8 33.b4 Qe7 34.Bf3 Kf7 35.Qd2 Re5 36.a3 f5
37.Nc3 Qe6 38.a4 Nxc3 39.Qxc3 Qa2 40.Rd2 Qe6 41.Rd8 h5 42.Rb8 h4  1-0

[Event "Hastings8081"]
[Site "Hastings"]
[Date "1980.??.??"]
[Round "9"]
[White "Popovic, Petar"]
[Black "Bellin, Robert"]
[Result "1-0"]
[WhiteElo "2490"]
[BlackElo "2440"]

1.e4 e5 2.Nf3 Nf6 3.Nxe5 d6 4.Nf3 Nxe4 5.d4 d5 6.Bd3 Be7 7.O-O Bf5 8.Re1 Nc6
9.a3 Bg6 10.c4 Nf6 11.Ne5 Bxd3 12.Nxc6 bxc6 13.Qxd3 O-O 14.Nc3 h6 15.Bf4 Nh5
16.Be5 f6 17.Bg3 Nxg3 18.hxg3 Rf7 19.Re6 Qd7 20.Rae1 Bf8 21.c5 a5 22.Qe2 f5
23.Re8 Rxe8 24.Qxe8 Qxe8 25.Rxe8 Re7 26.Rxe7 Bxe7 27.f4 Bf6 28.Ne2 Kf7 29.Kf2 Kg6
30.Ke3 Kh5 31.a4 g5 32.b4  1-0

[Event "Hastings8081"]
[Site "Hastings"]
[Date "1980.??.??"]
[Round "10"]
[White "Brito, Luizmar J"]
[Black "Torre, Eugenio"]
[Result "0-1"]
[WhiteElo "2255"]
[BlackElo "2520"]

1.e4 d6 2.d4 Nf6 3.Nc3 g6 4.Be2 Bg7 5.h4 Nc6 6.Be3 h5 7.Nh3 Ng4 8.Qd2 Nxe3
9.fxe3 a6 10.O-O-O b5 11.Rdf1 e5 12.d5 Na5 13.Ng5 O-O 14.b3 Bh6 15.Nf3 Nb7
16.b4 Bd7 17.Kb2 Qb8 18.Ng5 Nd8 19.Rf3 a5 20.a3 axb4 21.axb4 Qa7 22.Nb1 f6
23.Nh3 Bg4 24.Rg3 Qa1+ 25.Kc1 Ra2  0-1

[Event "Hastings8081"]
[Site "Hastings"]
[Date "1980.??.??"]
[Round "10"]
[White "Bellin, Robert"]
[Black "Pinter, Jozsef"]
[Result "1/2-1/2"]
[WhiteElo "2440"]
[BlackElo "2535"]

1.d4 d5 2.Nf3 Nf6 3.e3 e6 4.Bd3 c5 5.b3 Nc6 6.Bb2 cxd4 7.exd4 Bb4+ 8.c3 Bd6
9.O-O O-O 10.Re1 b6 11.Nbd2 Bb7 12.Ne5 Qc7 13.Qe2 Rad8 14.Rac1 Qb8 15.Bb1 Ne7
16.h4 g6 17.Ndf3 Ne4 18.c4 Qa8 19.h5 f6 20.hxg6 hxg6 21.Ng4 Nf5 22.Bxe4 dxe4
23.d5 exd5 24.Nxf6+ Rxf6 25.Bxf6 Rf8 26.Ba1 exf3 27.Qe6+ Kh7 28.Qd7+ Kh6
29.Bg7+ Nxg7 30.Qxd6 Qb8 31.Qxb8 Rxb8 32.cxd5 Bxd5 33.Re5 Bb7 34.Rc7 Nf5
35.g4 Nd4 36.Kh2 Nc6 37.Rd5 Na5 38.Re5 Nc6 39.Rd5 Na5 40.Re5 Nc6  1/2-1/2

[Event "Hastings8081"]
[Site "Hastings"]
[Date "1980.??.??"]
[Round "10"]
[White "Ftacnik, Lubomir"]
[Black "Andersson, Ulf"]
[Result "0-1"]
[WhiteElo "2470"]
[BlackElo "2590"]

1.d4 Nf6 2.Nf3 e6 3.g3 b5 4.Bg2 Bb7 5.O-O c5 6.c3 h6 7.a4 b4 8.dxc5 Bxc5
9.Ne5 Bxg2 10.Kxg2 bxc3 11.Nxc3 O-O 12.Bf4 Na6 13.Rc1 Qb6 14.Qd3 Rfd8 15.Qb5 Nb4
16.Nc4 Qc6+ 17.Qxc6 Nxc6 18.Nb5 Nd5 19.Ne5 Nxf4+ 20.gxf4 Nxe5 21.fxe5 Bf8
22.Rfd1 a6 23.Nd6 Rab8 24.e3 Rxb2 25.Rc7 Bxd6 26.Rxd6 a5 27.Rc5 f6 28.Rxa5 fxe5
29.Ra7 Rf8 30.Rdxd7 Rfxf2+ 31.Kg3 Kh8 32.h4 e4 33.Rf7 Rxf7 34.Rxf7 Re2 35.Ra7 Rxe3+
36.Kf4 Rh3 37.Kxe4 Rxh4+ 38.Ke5 Kh7 39.Kxe6 Kg6 40.Ke5 h5 41.Ra6+ Kg5 42.Ke6 Rf4  0-1

[Event "Hastings8081"]
[Site "Hastings"]
[Date "1980.??.??"]
[Round "10"]
[White "Littlewood, Paul E"]
[Black "Chandler, Murray G"]
[Result "1-0"]
[WhiteElo "2440"]
[BlackElo "2450"]

1.d4 Nf6 2.c4 e6 3.Nc3 Bb4 4.e3 O-O 5.Nf3 d5 6.Bd3 c5 7.O-O cxd4 8.exd4 dxc4
9.Bxc4 b6 10.Bg5 Bb7 11.Re1 Nbd7 12.Rc1 Rc8 13.Bd3 Re8 14.Bh4 Nf8 15.Ne5 Ng6
16.Bg3 Nd5 17.Qd2 Qe7 18.a3 Nxc3 19.bxc3 Bxa3 20.Ra1 Bd5 21.Reb1 Red8 22.c4 Ba8
23.c5 Rxd4 24.Rxa3 Qxc5 25.Qe3 Rcd8 26.Bf1 Qe7 27.Nxg6 hxg6 28.Rd3 R4d5 29.Rxd5 Bxd5
30.Rc1 Qb4 31.Qf4 Qa3 32.Qc7 Ra8 33.Bd6 Qa4 34.Be5 f6 35.Bg3 Rf8 36.h4 Qa5
37.Qe7 Qd2 38.Rc7 Qh6 39.Bf4 Qh8 40.Bd6 Ra8 41.Qf7+ Kh7  1-0

[Event "Hastings8081"]
[Site "Hastings"]
[Date "1980.??.??"]
[Round "10"]
[White "Sunye Neto, Jaime"]
[Black "Popovic, Petar"]
[Result "1/2-1/2"]
[WhiteElo "2415"]
[BlackElo "2490"]

1.c4 Nf6 2.Nc3 d5 3.cxd5 Nxd5 4.Nf3 g6 5.d3 Nxc3 6.bxc3 Bg7 7.Bd2 O-O 8.g3 b6
9.Bg2 Bb7 10.h4 h5 11.O-O c5 12.Rb1 Nc6 13.Ng5 Qd7 14.Ne4 Rad8 15.c4 Qc7
16.Bf4 Qc8 17.Qd2 Nd4 18.Nc3 Bxg2 19.Kxg2 Rfe8 20.Rfc1 Nf5 21.Ne4 Qc6 22.Kg1 Rd7
23.Qd1 Red8 24.a4 Bd4 25.Rb5 Bf6 26.Rbb1 Qe6 27.a5 Bg7 28.Qf1 Qc6 29.Qg2 bxa5
30.Nc3 Qa6 31.Na4 Rc8 32.Kf1 Nd4 33.Be3 Qe6 34.Bxd4 Bxd4 35.Rb5 Qf5 36.Rcb1 Rd6
37.Qf3 Qh3+ 38.Qg2 Qf5 39.Qf3 Qh3+ 40.Qg2 Qf5 41.Qf3 Qh3+  1/2-1/2

[Event "Hastings8081"]
[Site "Hastings"]
[Date "1980.??.??"]
[Round "11"]
[White "Pinter, Jozsef"]
[Black "Sunye Neto, Jaime"]
[Result "1/2-1/2"]
[WhiteElo "2535"]
[BlackElo "2415"]

1.d4 Nf6 2.c4 e6 3.Nc3 Bb4 4.Nf3 c5 5.e3 O-O 6.Bd3 d5 7.O-O cxd4 8.exd4 dxc4
9.Bxc4 Nbd7 10.Qe2 Re8 11.Rd1 a6 12.a4 b6 13.Bg5 Bb7 14.Rac1 Nf8 15.Ne5 Ng6
16.Bd3 Be7 17.h4 Nd5 18.Bxg6 hxg6 19.Qg4 Rc8 20.Re1 Nf6 21.Qf4 Rf8 22.Qd2 Qd6
23.Rcd1 Rfd8 24.Qf4 Qb4 25.Rd2 Qd6 26.Rd3 Rf8 27.Qd2 Rcd8 28.Bxf6 Bxf6 29.Qf4 b5
30.axb5 axb5 31.Ree3 b4 32.Ne4 Bxe4 33.Qxe4 Rc8 34.g3 Rfd8 35.b3 Rc1+ 36.Kg2 Qa6
37.Nf3 Rd5 38.g4 Qa1 39.g5 Bd8 40.Re1 Bb6 41.Rxc1 Qxc1 42.Ne5 Qc7 43.Nxg6 Qd6
44.Nf4 Rxd4 45.Rxd4 Qxd4 46.Qxd4 Bxd4 47.Nd3 Bc3 48.h5 Kh7 49.f4 Bd2 50.Kf3 f6
51.Kg4 Bc3 52.Nc5 f5+ 53.Kf3 e5 54.Ne6 e4+ 55.Ke2 Bb2 56.Kd1 Bc3 57.Kc2 Ba1
58.Nc7 Bd4 59.Kd2 Bc5 60.Ne6 Bb6 61.Ke2 Ba7 62.Nc7 Bc5 63.Nd5 Bd6 64.Kf2 Bc5+
65.Ne3 g6 66.h6 Bd6 67.Nd5 Bc5+ 68.Kg3 Bd6 69.Nf6+ Kh8 70.Ne8 Bb8 71.Ng7 Kg8
72.Ne6 Ba7  1/2-1/2

[Event "Hastings8081"]
[Site "Hastings"]
[Date "1980.??.??"]
[Round "11"]
[White "Andersson, Ulf"]
[Black "Liberzon, Vladimir M"]
[Result "1/2-1/2"]
[WhiteElo "2590"]
[BlackElo "2545"]

1.Nf3 Nf6 2.c4 e6 3.g3 d5 4.Bg2 Be7 5.d4 O-O 6.O-O Nbd7 7.b3 b6 8.Bb2 Bb7
9.Nc3 c5 10.cxd5 Nxd5 11.Nxd5 Bxd5 12.Rc1 Rc8 13.Qd3 cxd4 14.Qxd4 Bf6 15.Rxc8 Qxc8
16.Qd2 Qb7 17.Rc1 Rc8 18.Ne1 Rxc1 19.Qxc1 Bxg2 20.Nxg2 h6 21.Bxf6  1/2-1/2

[Event "Hastings8081"]
[Site "Hastings"]
[Date "1980.??.??"]
[Round "11"]
[White "Chandler, Murray G"]
[Black "Bellin, Robert"]
[Result "1/2-1/2"]
[WhiteElo "2450"]
[BlackElo "2440"]

1.d4 f5 2.Nc3 d5 3.g3 Nf6 4.Bg2 e6 5.Nf3 Be7 6.O-O O-O 7.Ne5 b6 8.b3 Bb7
9.Bb2 c6 10.e3 Nbd7 11.Nd3 Bd6 12.a4 a5 13.f3 e5 14.dxe5 Nxe5 15.Ne2 Nxd3
16.Qxd3 Ba6 17.c4 Qe8 18.Nd4 Rd8 19.Nxf5 dxc4 20.bxc4 Bxg3 21.Qc3 Bc7 22.f4 c5
23.Rad1 Bc8 24.Rxd8 Qxd8 25.Bd5+ Kh8 26.e4 Qe8 27.Qg3 Bxf5 28.exf5 Nh5 29.Qg4 Qe3+
30.Kh1 Nf6 31.Qg2 Bxf4 32.Bc1 Qxc1 33.Rxc1 Bxc1 34.Qg3 Nxd5 35.cxd5 h6 36.Qc7 Bg5
37.Qxb6 Bd8 38.Qd6 Kg8 39.Qxc5 Rxf5 40.Qc8 Rf8 41.d6 Kh7 42.Qd7 h5 43.Qb7 Kh6
44.Kg2 Kh7 45.Kg3 Kh6 46.Qe4 g6 47.Qb7 Rf5 48.Qa8 Rf8 49.Qa7 Rf5 50.Qe3+ Kg7
51.Qe8 Rf8 52.d7 Bc7+ 53.Kg2 Bd8 54.h3 Bc7 55.Qe7+ Kg8 56.Qe4 Kh7 57.Qe7+ Kg8
58.Qg5 Kg7 59.Qd5 Bd8 60.Qd6 Rf5 61.Qd4+ Kg8 62.Qe3 Kg7 63.Qe4 Rf8 64.Qe8 Bc7
65.Qe7+ Kg8 66.Qe3 Bd8 67.Qh6 Rf7 68.Qd2 Rf8 69.Qd5+  1/2-1/2

[Event "Hastings8081"]
[Site "Hastings"]
[Date "1980.??.??"]
[Round "11"]
[White "Lein, Anatoly"]
[Black "Brito, Luizmar J"]
[Result "1-0"]
[WhiteElo "2520"]
[BlackElo "2255"]

1.Nf3 Nf6 2.c4 g6 3.Nc3 Bg7 4.e4 d6 5.d4 O-O 6.Be2 e5 7.dxe5 dxe5 8.Qxd8 Rxd8
9.Bg5 Re8 10.Nd5 Nxd5 11.cxd5 c6 12.Bc4 cxd5 13.Bxd5 Nc6 14.Ke2 Be6 15.Bxe6 Rxe6
16.Rhd1 f6 17.Be3 Bf8 18.a3 a6 19.Rac1 Kf7 20.Rd7+ Re7 21.Rd5 Ke8 22.Nd2 Rd7
23.Nc4 Rad8 24.Nb6 Rd6 25.b4 Re6 26.Rcd1 Bd6 27.Na4 b5 28.Nc5 Bxc5 29.Bxc5 Rc8
30.Rd6 Nd8 31.Rd7 Nf7 32.Ra7 Ng5 33.Rdd7 Ra8 34.Re7+  1-0

[Event "Hastings8081"]
[Site "Hastings"]
[Date "1980.??.??"]
[Round "11"]
[White "Mestel, A Jonathan"]
[Black "Littlewood, Paul E"]
[Result "1/2-1/2"]
[WhiteElo "2485"]
[BlackElo "2440"]

1.g3 d5 2.Bg2 c6 3.d3 e5 4.Nf3 Bd6 5.O-O Ne7 6.Nbd2 O-O 7.e4 Nd7 8.Re1 Qc7
9.c3 Re8 10.Qc2 Nf6 11.d4 dxe4 12.dxe5 exf3 13.exd6 Qxd6 14.Nxf3 Bf5 15.Qb3 Ned5
16.Bg5 b5 17.a4 bxa4 18.Qxa4 Be4 19.Qd1 Qc5 20.Qd4 Qxd4 21.Nxd4 Bxg2 22.Rxe8+ Rxe8
23.Kxg2 Ne4 24.Bc1 c5 25.Nc6 h6 26.Rxa7 Re6 27.Na5 Rf6 28.f3 Nd6 29.Rd7 Re6
30.Kf2 Kf8 31.Nb7 Nxb7 32.Rxd5 Ke7 33.Be3 Rc6 34.b3 Ke6 35.c4 Rb6 36.Rd3 Ra6
37.g4 Ra2+ 38.Rd2 Ra3 39.Rb2 Kd6 40.b4 cxb4 41.Rxb4 Na5 42.c5+ Kc7 43.Bf4+ Kd7
44.Bd6 Nc6 45.Rf4 Ke6 46.Bf8 Ne5 47.Kg3 g5 48.Rf5 Nxg4 49.c6 Ra8 50.Kxg4 Rxf8
51.Rc5 Kd6 52.Rc2 Kc7 53.Kh5 Rh8 54.Rc5 Rh7 55.h3 Rh8 56.Rf5 Kxc6 57.Rxf7 Kd6
58.Kg6 Ke6 59.Rb7 Rf8 60.Rb3 Ke5 61.Kxh6 Kf4 62.Kg7 Rc8 63.Rb5 Rc6  1/2-1/2

[Event "Hastings8081"]
[Site "Hastings"]
[Date "1980.??.??"]
[Round "11"]
[White "Torre, Eugenio"]
[Black "Ftacnik, Lubomir"]
[Result "1-0"]
[WhiteElo "2520"]
[BlackElo "2470"]

1.d4 Nf6 2.Nf3 g6 3.c4 Bg7 4.Nc3 d5 5.e3 O-O 6.b4 c6 7.Bb2 Ne4 8.Rc1 Nxc3
9.Bxc3 Bf5 10.b5 cxb5 11.cxb5 Nd7 12.Be2 Nb6 13.O-O Nc4 14.Ne5 Nxe5 15.dxe5 Qd7
16.Qd2 Rfd8 17.Bd4 a6 18.b6 Rac8 19.h3 Rxc1 20.Rxc1 Rc8 21.Bf3 Rc6 22.Rc3 Be4
23.Bg4 Bf5 24.Bxf5 gxf5 25.Qc2 e6 26.Rxc6 bxc6 27.a4 Qb7 28.a5 Kf8 29.g4 h6
30.gxf5  1-0

[Event "Hastings8081"]
[Site "Hastings"]
[Date "1980.??.??"]
[Round "12"]
[White "Alburt, Lev O"]
[Black "Andersson, Ulf"]
[Result "0-1"]
[WhiteElo "2515"]
[BlackElo "2590"]

1.d4 Nf6 2.c4 e6 3.g3 d5 4.Nf3 dxc4 5.Bg2 c5 6.O-O Nc6 7.Qa4 Bd7 8.Qxc4 b5
9.Qd3 Rc8 10.dxc5 Bxc5 11.Nc3 b4 12.Nb5 O-O 13.Nd6 Nd4 14.Bf4 Nd5 15.Ng5 g6
16.Nge4 Nxf4 17.gxf4 Bb6 18.Nxc8 Bb5 19.Qh3 Nxe2+ 20.Kh1 Qxc8 21.Qh6 f6 22.f5 exf5
23.Nd6 Qc5 24.Nxb5 Qxb5 25.Rad1 Nd4 26.Rfe1 Qd7 27.Rd3 Rd8 28.a3 bxa3 29.bxa3 Qf7
30.Red1 g5 31.Rc1 f4 32.Rcd1 Qe7 33.Qh5 Kg7 34.h4 h6 35.hxg5 fxg5 36.a4 Qf6
37.Be4 Rd7 38.Rc1 Re7 39.f3 Ne2 40.Rg1 Bxg1 41.Kg2 Ng3  0-1

[Event "Hastings8081"]
[Site "Hastings"]
[Date "1980.??.??"]
[Round "12"]
[White "Sunye Neto, Jaime"]
[Black "Chandler, Murray G"]
[Result "1/2-1/2"]
[WhiteElo "2415"]
[BlackElo "2450"]

1.c4 c5 2.Nc3 Nf6 3.Nf3 e6 4.e3 d5 5.d4 cxd4 6.Nxd4 Be7 7.cxd5 Nxd5 8.Bb5+ Bd7
9.Nxd5 exd5 10.Be2 Nc6 11.O-O Qb6 12.Nb3 Be6 13.Bd2 Bf6 14.Bc3 Bxc3 15.bxc3 O-O
16.Qd2 Rac8 17.Rfc1 Qc7 18.Rab1 Bf5 19.Rb2 Rfd8 20.Nd4 Bg6 21.Bg4 Rb8 22.Qd1 Ne5  1/2-1/2

[Event "Hastings8081"]
[Site "Hastings"]
[Date "1980.??.??"]
[Round "12"]
[White "Bellin, Robert"]
[Black "Mestel, A Jonathan"]
[Result "1/2-1/2"]
[WhiteElo "2440"]
[BlackElo "2485"]

1.e4 g6 2.d4 d6 3.Nc3 c6 4.f4 d5 5.e5 h5 6.Nf3 Nh6 7.Be3 Bg4 8.h3 Nf5 9.Bf2 Bxf3
10.Qxf3 h4 11.Bd3 e6 12.O-O Nd7 13.Ne2 Qb6 14.b3 Ba3 15.Rab1 a5 16.c4 Qa7
17.Kh2 Rc8 18.Rfd1 Qb6 19.Rd2 Qd8 20.Rc2 Nb8 21.Be1 Bb4 22.Bf2 Ba3 23.Ng1 Na6
24.Rd2 Bb4 25.Rdd1 Be7 26.Rbc1 Ba3 27.Rc2 Nb4 28.Bxf5 gxf5 29.Rcd2 Na6 30.c5 b6
31.Qe2 Ra8 32.cxb6 Qxb6 33.Nf3 Be7 34.Rc2 Kd7 35.Qe1 Bb4 36.Qe3 Be7 37.Qe1 Qb4
38.Rdc1 Rac8 39.Qe2 Qb6  1/2-1/2

[Event "Hastings8081"]
[Site "Hastings"]
[Date "1980.??.??"]
[Round "12"]
[White "Brito, Luizmar J"]
[Black "Popovic, Petar"]
[Result "1/2-1/2"]
[WhiteElo "2255"]
[BlackElo "2490"]

1.e4 c5 2.Nf3 d6 3.d4 cxd4 4.Nxd4 Nf6 5.Nc3 Nc6 6.Bg5 Qb6 7.Nb3 e6 8.Bxf6 gxf6
9.Qh5 a6 10.Be2 Rg8 11.g3 Rg7 12.Rf1 Bd7 13.O-O-O Be7 14.Qh6 Kf8 15.f4 Kg8
16.Kb1 Rc8 17.Qh5 Qc7 18.Nd4 b5 19.Nxc6 Qxc6 20.Bd3 Qb6 21.Rd2 Kh8 22.Nd1 a5
23.c3 Rc5 24.Qe2 b4 25.c4 Bc6 26.Qe3 Bb7 27.Qd4 Rg8 28.b3 Bc6 29.e5 dxe5
30.fxe5 f5 31.Nf2 Qc7 32.Re1 a4 33.g4 axb3 34.axb3 Rd8 35.Qe3 Ra5 36.gxf5 exf5
37.Bxf5 Rxd2 38.Qxd2 Qa7 39.Nd3 Ra1+ 40.Kc2 Ra2+ 41.Nb2 Ba4 42.Re3 Bg5 43.Qxb4 Kg7
44.Re2 Bc6 45.c5 Ra1 46.Re1 Rxe1 47.Qxe1 Qxc5+ 48.Nc4 Bd5 49.Qg3 h6 50.Bd3 Qd4
51.e6 Bxe6 52.Qe5+ Qxe5 53.Nxe5 Bf4 54.Nf3 Bd5 55.Be2 Kf6 56.b4 Kf5 57.Kd3 Kg4
58.Ne5+ Kh3 59.Kd4 Be6 60.Nf3 Bb8 61.b5 f6 62.Ke4 Bc8 63.Nd4 Bd6 64.Nf5 Bxf5+
65.Kxf5 Kxh2 66.Bf3 Ba3 67.b6 Bb2 68.Bd5 h5 69.Bf7 Be5 70.Ke4 Bb2 71.Ke3 Bc1+
72.Ke4 Bb2 73.Ke3  1/2-1/2

[Event "Hastings8081"]
[Site "Hastings"]
[Date "1980.??.??"]
[Round "12"]
[White "Ftacnik, Lubomir"]
[Black "Lein, Anatoly"]
[Result "1/2-1/2"]
[WhiteElo "2470"]
[BlackElo "2520"]

1.d4 Nf6 2.Nf3 e6 3.g3 b5 4.Bg2 Bb7 5.O-O c5 6.c3 Na6 7.Bg5 Be7 8.Nbd2 O-O
9.Re1 h6 10.Bxf6 Bxf6 11.a3 Rc8 12.e3 Qb6 13.Rc1 d6 14.b4 Rfd8 15.Nb3 e5
16.Qe2 exd4 17.exd4 cxb4 18.cxb4 Nc7 19.Qd3 Re8 20.Na5 Bd5 21.Rxe8+ Rxe8
22.Qf5 Bc4 23.Nxc4 bxc4 24.Rxc4 Nb5 25.a4 Na3 26.Rc8 Rd8 27.Qd7 a5 28.bxa5 Qxa5
29.Bf1 g5 30.Bd3 Rxc8 31.Qxc8+ Kg7 32.Qd7 Qd5 33.Qg4 Nc4 34.h4 Nb2 35.Be4 Qa5
36.hxg5 hxg5 37.Nh4 Qxa4 38.Nf5+ Kf8 39.Qh5 Qd1+ 40.Qxd1 Nxd1 41.Bc2  1/2-1/2

[Event "Hastings8081"]
[Site "Hastings"]
[Date "1980.??.??"]
[Round "12"]
[White "Liberzon, Vladimir M"]
[Black "Torre, Eugenio"]
[Result "1/2-1/2"]
[WhiteElo "2545"]
[BlackElo "2520"]

1.e4 e5 2.Nf3 Nc6 3.Bb5 a6 4.Ba4 Nf6 5.O-O Be7 6.Re1 b5 7.Bb3 d6 8.c3 O-O
9.h3 Bb7 10.d4 Re8 11.a4 h6 12.Nbd2 Bf8 13.Bc2 Nb8 14.b4 Nbd7 15.Bd3 d5 16.dxe5 dxe4
17.Nxe4 Nxe5 18.Nxf6+ Qxf6 19.Nxe5 Rxe5 20.axb5 axb5 21.Rxa8 Bxa8 22.Rxe5 Qxe5
23.Bd2 c5 24.bxc5 Bxc5 25.Qe2 Qd5 26.Qf3 Qxf3 27.gxf3 Bc6 28.Kg2 Bd6 29.Be4 Bd7
30.f4 Kf8 31.h4 Ke7 32.Kf3 f5 33.Bd5 Ba3 34.Be3 Kd6 35.Bb3 Bc6+ 36.Ke2 Bd5
37.Bc2 Ke6 38.Bd4 g6 39.f3 Bb2 40.Be5 g5 41.hxg5 hxg5 42.Bd3 Bc4 43.Bxc4+ bxc4
44.Bd4 gxf4 45.Kd2 Ba3 46.Bb6 Be7  1/2-1/2

[Event "Hastings8081"]
[Site "Hastings"]
[Date "1980.??.??"]
[Round "12"]
[White "Peters, John A"]
[Black "Littlewood, Paul E"]
[Result "0-1"]
[WhiteElo "2465"]
[BlackElo "2440"]

1.e4 e5 2.Nf3 Nc6 3.Bb5 a6 4.Ba4 Nf6 5.O-O Be7 6.Re1 b5 7.Bb3 O-O 8.d4 d6
9.c3 Bg4 10.d5 Na5 11.Bc2 c6 12.h3 Bc8 13.dxc6 Qc7 14.a4 Qxc6 15.Nbd2 Bb7
16.Nf1 h6 17.Nh4 Rfe8 18.Nf5 Bf8 19.Qf3 Re6 20.N1g3 b4 21.Ne3 bxc3 22.b4 Nc4
23.Nd5 Rc8 24.Qxc3 Nxd5 25.exd5 Qxd5 26.f3 Ne3 27.Qxc8 Bxc8 28.Bxe3 Qb7 29.Rec1 d5
30.Bc5 Re8 31.Bd3 Bxc5+ 32.bxc5 Qb3 33.Bc2 Qe3+ 34.Kh1 e4 35.Nf1 Qf2 36.Bb3 exf3  0-1

[Event "Hastings8081"]
[Site "Hastings"]
[Date "1980.??.??"]
[Round "13"]
[White "Lein, Anatoly"]
[Black "Liberzon, Vladimir M"]
[Result "1/2-1/2"]
[WhiteElo "2520"]
[BlackElo "2545"]

1.d4 Nf6 2.Nf3 g6 3.Bg5 Bg7 4.Nbd2 h6 5.Bh4 d6 6.c3 Bf5 7.Bg3 Nh5 8.e4 Nxg3
9.hxg3 Bd7 10.a4 O-O 11.Bc4 e6 12.Qe2 e5 13.dxe5 dxe5 14.Qe3 Qf6 15.Rxh6 Bxh6
16.Qxh6 Nc6 17.Ke2 Qg7 18.Qh4 Qh7 19.Qf6 Qg7 20.Qh4 Qh7 21.Qf6 Qg7  1/2-1/2

[Event "Hastings8081"]
[Site "Hastings"]
[Date "1980.??.??"]
[Round "13"]
[White "Littlewood, Paul E"]
[Black "Bellin, Robert"]
[Result "1/2-1/2"]
[WhiteElo "2440"]
[BlackElo "2440"]

1.d4 f5 2.c4 Nf6 3.g3 e6 4.Bg2 Bb4+ 5.Bd2 Qe7 6.Nf3 O-O 7.O-O Bxd2 8.Nbxd2 d6
9.Qb3 e5 10.e3 c5 11.Qc3 e4 12.Ne1 Nc6 13.Nc2 cxd4 14.exd4 d5 15.Rae1 Be6
16.f3 Qd7 17.fxe4 fxe4 18.cxd5 Nxd5 19.Qa3 Ndb4 20.Rxf8+ Rxf8 21.Nxb4 Qxd4+
22.Qe3 Qxb4 23.b3 Bf5  1/2-1/2

[Event "Hastings8081"]
[Site "Hastings"]
[Date "1980.??.??"]
[Round "13"]
[White "Mestel, A Jonathan"]
[Black "Sunye Neto, Jaime"]
[Result "0-1"]
[WhiteElo "2485"]
[BlackElo "2415"]

1.e4 c5 2.Nf3 d6 3.d4 cxd4 4.Nxd4 Nf6 5.Nc3 e6 6.Be2 e5 7.Nb3 Be7 8.O-O O-O
9.Kh1 Nc6 10.Be3 b5 11.a4 b4 12.Nd5 Nxd5 13.Qxd5 Qc7 14.a5 Be6 15.Qd2 Qb8
16.Rfd1 Rd8 17.Qe1 Qb7 18.Qf1 Nb8 19.Nd2 Nd7 20.Nc4 Qxe4 21.Nxd6 Qxc2 22.Bf3 Bxd6
23.Bxa8 Rxa8 24.Rxd6 Qxb2 25.Rad1 b3 26.Rxe6 fxe6 27.Rxd7 Qa2 28.h3 b2 29.Rd1 Qxa5
30.Qc4 Qa1 31.Qb3 Rd8 32.Rg1 Rd5 33.f4 h6 34.f5 Kh8 35.f6 gxf6 36.Qb8+ Kg7
37.Qb7+ Kg6 38.Qb8 Kg7 39.Bxh6+ Kxh6 40.Qh8+ Kg6 41.Qg8+ Kh6 42.Qh8+ Kg5
43.Qg7+ Kf4 44.Qxf6+ Ke3 45.Qf3+ Kd2 46.Qf2+ Kd3 47.Qf3+ Kc4 48.Qe2+ Kb4
49.Qe4+ Kb5 50.Qe2+ Kb6 51.Qe3+ Rc5 52.Qb3+ Kc7  0-1

[Event "Hastings8081"]
[Site "Hastings"]
[Date "1980.??.??"]
[Round "13"]
[White "Andersson, Ulf"]
[Black "Peters, John A"]
[Result "1/2-1/2"]
[WhiteElo "2590"]
[BlackElo "2465"]

1.Nf3 Nf6 2.c4 c5 3.g3 d5 4.cxd5 Nxd5 5.Bg2 Nc6 6.d4 Nb6 7.dxc5 Qxd1+ 8.Kxd1 Na4
9.Nc3 Nxc3+ 10.bxc3 e5 11.Ba3  1/2-1/2

[Event "Hastings8081"]
[Site "Hastings"]
[Date "1980.??.??"]
[Round "13"]
[White "Pinter, Jozsef"]
[Black "Brito, Luizmar J"]
[Result "1-0"]
[WhiteElo "2535"]
[BlackElo "2255"]

1.d4 Nf6 2.c4 c5 3.d5 d6 4.Nc3 g6 5.e4 Bg7 6.Be2 Nbd7 7.Bf4 O-O 8.Nf3 b5
9.cxb5 a6 10.a4 axb5 11.Bxb5 Ba6 12.O-O Bxb5 13.axb5 Nb6 14.Qe2 Ne8 15.Ra6 Rb8
16.Rfa1 Nc7 17.Ra7 Nc8 18.R7a5 Qd7 19.e5 Rb7 20.Rd1 Nb6 21.Bg3 Rfb8 22.Ng5 Nc8
23.Nce4 Qe8 24.exd6 exd6 25.Re1 Qd7 26.Qf3 Ne8 27.Nxc5 dxc5 28.Bxb8 Rxb8
29.Qh3 Qd8 30.Qxh7+ Kf8 31.Qh4 Nf6 32.Ra6 Nb6 33.Ra7 Nbd7 34.d6 Nd5 35.Qg4  1-0

[Event "Hastings8081"]
[Site "Hastings"]
[Date "1980.??.??"]
[Round "13"]
[White "Popovic, Petar"]
[Black "Ftacnik, Lubomir"]
[Result "1/2-1/2"]
[WhiteElo "2490"]
[BlackElo "2470"]

1.e4 c5 2.Nf3 d6 3.d4 Nf6 4.Nc3 cxd4 5.Nxd4 a6 6.g3 e5 7.Nb3 Bg4 8.Qd3 Nc6
9.Bg2 Rc8 10.O-O h6 11.Be3 Be6 12.h3 Nb4 13.Qd1 d5 14.exd5 Nfxd5 15.Bd2 Be7
16.a3 Nc6 17.Nxd5 Bxd5 18.Bxd5 Qxd5 19.Qg4 Qe6 20.Qxg7 Kd7 21.Qg4 Qxg4 22.hxg4 Rcg8
23.Rad1 Kc8 24.Na5 Rxg4 25.Nxc6 bxc6 26.Kg2 h5 27.Bc3 f6 28.Rh1 h4 29.Kf3 Rc4
30.Rh3 Bxa3 31.Rxh4 Rhxh4 32.gxh4 Rxh4 33.Kg3 Rc4 34.Ra1 Bc5 35.Rxa6 Bd4
36.Bxd4 exd4 37.c3 dxc3 38.bxc3 Rxc3+ 39.Kg4 Kd7 40.Ra1 Ke6 41.Re1+ Kf7 42.f4 Rc5
43.Ra1 Ke6 44.Ra8 Rd5 45.f5+ Ke7 46.Rc8 Rd6 47.Kh5 Kd7 48.Rf8 c5 49.Kg6 c4
50.Rf7+ Kd8 51.Rf8+ Kc7 52.Rxf6 c3 53.Rxd6 c2 54.f6 c1=Q 55.f7 Qg1+ 56.Kh7 Qf2
57.Kg7  1/2-1/2

[Event "Hastings8081"]
[Site "Hastings"]
[Date "1980.??.??"]
[Round "13"]
[White "Torre, Eugenio"]
[Black "Alburt, Lev O"]
[Result "1/2-1/2"]
[WhiteElo "2520"]
[BlackElo "2515"]

1.Nf3 Nf6 2.d4 e6 3.c4 b6 4.g3 Ba6 5.Nbd2 Bb4 6.Qb3 c5 7.a3 Bxd2+ 8.Bxd2 O-O
9.Rd1 Nc6 10.d5 Na5 11.Bxa5 bxa5 12.Qc2 exd5 13.cxd5 Qb6 14.e3 Rab8 15.Bxa6 Qxa6
16.Ne5 Qb7 17.O-O Qxb2 18.Qf5 Qxa3 19.Nxd7 Nxd7 20.Qxd7 c4 21.Qxa7 Ra8 22.Qd4 c3
23.Rd3 Rfc8 24.d6 Qb4 25.d7 Rd8 26.Rc1 Qxd4 27.Rxd4 Kf8 28.Rxc3 Ke7 29.Rcd3 Ra7
30.Re4+ Kf8 31.Ra4 h5 32.Rd5 g6 33.Raxa5 Rxa5 34.Rxa5 Rxd7 35.Kg2 Kg7 36.h3 Rc7
37.g4 hxg4 38.hxg4  1/2-1/2

[Event "Hastings8081"]
[Site "Hastings"]
[Date "1980.??.??"]
[Round "14"]
[White "Sunye Neto, Jaime"]
[Black "Littlewood, Paul E"]
[Result "1-0"]
[WhiteElo "2415"]
[BlackElo "2440"]

1.c4 e5 2.Nc3 Nf6 3.Nf3 Nc6 4.d3 d6 5.g3 g6 6.Bg2 Bg7 7.O-O O-O 8.Bd2 h6
9.Ne1 Nh5 10.Rc1 f5 11.Nd5 f4 12.c5 Be6 13.Nb4 d5 14.Nxc6 bxc6 15.Qa4 Qd7
16.Nf3 Rae8 17.Bc3 Bg4 18.Rce1 Kh7 19.Qd1 Rf7 20.e3 fxe3 21.fxe3 Ref8 22.e4 d4
23.Bd2 Qe7 24.a3 Qe6 25.Rf2 Nf6 26.Ref1 Nd7 27.Qc2 Kh8 28.Ba5 Nb8 29.Nd2 h5
30.Nc4 Bh6 31.Bd2 Rxf2 32.Rxf2 Rxf2 33.Kxf2 Qf6+ 34.Kg1 Bxd2 35.Qxd2 Be6
36.Na5 Kg7 37.h4 Qe7 38.b4 Qf7 39.Qg5 Qf6 40.Kh2 Qxg5 41.hxg5 Kf7 42.Kg1 Ke7
43.Kf2 Ba2 44.Ke2 Bf7 45.Kd2 Bg8 46.Bf3 Bf7 47.Bd1 Be6 48.Ba4 Kd7 49.Kc2 Bf7
50.Bb3 Bxb3+ 51.Kxb3 Kd8 52.Nc4 Nd7 53.Nd2 Kc8 54.Kc4 a6 55.Kb3 Kb8 56.Nc4 Ka7
57.Na5 Nb8 58.Kc2 Ka8 59.Kb2 Nd7 60.Nxc6 Kb7 61.Nd8+ Kc8 62.Nf7 c6 63.Kb3 Kc7
64.Ka4 Kc8 65.Ka5 Kb7 66.a4 Nf8  1-0

[Event "Hastings8081"]
[Site "Hastings"]
[Date "1980.??.??"]
[Round "14"]
[White "Alburt, Lev O"]
[Black "Lein, Anatoly"]
[Result "1/2-1/2"]
[WhiteElo "2515"]
[BlackElo "2520"]

1.d4 Nf6 2.c4 e6 3.Nf3 b6 4.g3 Ba6 5.Nbd2 Bb4 6.Qb3 c5 7.Bg2 Nc6 8.dxc5 bxc5
9.a3 Ba5 10.O-O O-O 11.Qa4 Bb7 12.Rb1 Rb8 13.Rd1 Qe7 14.Nb3 Bb6 15.Bg5 Rfd8
16.Nbd2 h6 17.Bxf6 Qxf6 18.Ne4 Qe7 19.Nd6 Ba8 20.b4 Bc7 21.Nb5 Bb6 22.Nd6 Bc7
23.Nb5 Bb6 24.Nd6  1/2-1/2

[Event "Hastings8081"]
[Site "Hastings"]
[Date "1980.??.??"]
[Round "14"]
[White "Andersson, Ulf"]
[Black "Torre, Eugenio"]
[Result "1/2-1/2"]
[WhiteElo "2590"]
[BlackElo "2520"]

1.Nf3 Nf6 2.c4 g6 3.Nc3 Bg7 4.e4 d6 5.d4 O-O 6.Be2 Nbd7 7.O-O e5 8.Re1 a5
9.Bf1 c6 10.Rb1 exd4 11.Nxd4 Re8 12.f3 Nc5 13.Be3 Nfd7 14.Qd2  1/2-1/2